LEADER 01099nam a2200289 i 4500 001 991001519509707536 005 20020503122501.0 008 000601s1980 it ||| | ita 035 $ab10232370-39ule_inst 035 $aLE01279180$9ExL 040 $aDip.to Lingue$bita 100 1 $aJones, Richard Foster$0169861 245 10$aAntichi e moderni :$bla nascita del movimento scientifico nell'Inghilterra del XVII secolo /$cRichard Foster Jones 260 $aBologna :$bIl Mulino,$cc1980 300 $a413 p. ;$c22 cm. 490 0 $aCollezione di testi e di studi. Storiografia 500 $aTraduzione di Davide Panzieri 650 4$aEpistemologia - Inghilterra$ySec.17 650 4$aScienze - Inghilterra$ySec.17 700 1 $aPanzieri, Davide 740 0 $aAncients and moderns 907 $a.b10232370$b17-02-17$c27-06-02 912 $a991001519509707536 945 $aLE012 509.43 JON$g1$i2012000019720$lle012$o-$pE0.00$q-$rl$s- $t0$u0$v0$w0$x0$y.i10282117$z27-06-02 996 $aAntichi e moderni$9207424 997 $aUNISALENTO 998 $ale012$b01-01-00$cm$da $e-$fita$git $h0$i1